| 000 | 00533nam a2200205Ia 4500 | ||
|---|---|---|---|
| 003 | OSt | ||
| 005 | 20250728110934.0 | ||
| 008 | 210423s2000 xx 000 0 und d | ||
| 040 | _cAL | ||
| 041 | _aEnglish | ||
| 082 |
_a307.762 _bMAHL |
||
| 100 |
_aShriram Maheshwari _9113496 |
||
| 245 | _aLocal government in India | ||
| 260 |
_aAgra _bEducational Publishers _c2000 |
||
| 365 |
_b100 _cINR |
||
| 650 |
_aSociology _9113497 |
||
| 650 |
_aUrban Communities _9113498 |
||
| 906 | _agovernment ; india ; Local | ||
| 942 |
_2ddc _cBK |
||
| 999 |
_c173411 _d173411 |
||